<?xml version="1.0" encoding="UTF-8"?><?xml-stylesheet type="text/xsl" href="static/style.xsl"?><OAI-PMH xmlns="http://www.openarchives.org/OAI/2.0/" xmlns:xsi="http://www.w3.org/2001/XMLSchema-instance" xsi:schemaLocation="http://www.openarchives.org/OAI/2.0/ http://www.openarchives.org/OAI/2.0/OAI-PMH.xsd"><responseDate>2026-06-01T05:11:15Z</responseDate><request verb="GetRecord" identifier="oai:riuma.uma.es:10630/13435" metadataPrefix="marc">https://riuma.uma.es/rest/oai/request</request><GetRecord><record><header><identifier>oai:riuma.uma.es:10630/13435</identifier><datestamp>2026-02-03T12:22:34Z</datestamp><setSpec>com_10630_2254</setSpec><setSpec>col_10630_37959</setSpec></header><metadata><record xmlns="http://www.loc.gov/MARC21/slim" xmlns:dcterms="http://purl.org/dc/terms/" xmlns:doc="http://www.lyncode.com/xoai" xmlns:xsi="http://www.w3.org/2001/XMLSchema-instance" xsi:schemaLocation="http://www.loc.gov/MARC21/slim http://www.loc.gov/standards/marcxml/schema/MARC21slim.xsd">
   <leader>00925njm 22002777a 4500</leader>
   <datafield ind2=" " ind1=" " tag="042">
      <subfield code="a">dc</subfield>
   </datafield>
   <datafield ind2=" " ind1=" " tag="720">
      <subfield code="a">Del Val, Gonzalo</subfield>
      <subfield code="e">author</subfield>
   </datafield>
   <datafield ind2=" " ind1=" " tag="260">
      <subfield code="c">2017-04-06</subfield>
   </datafield>
   <datafield ind2=" " ind1=" " tag="520">
      <subfield code="a">En 1919 William Randolph Hearst inicia la construcción de su suntuoso castillo en California a partir de una cantidad enorme de piezas expoliadas en Europa, dando como resultado una asombrosa reconstrucción y montaje de piezas venidas de diferentes épocas, estilos y culturas materiales. La arquitectura funciona por tanto como soporte para los ensamblajes culturales y materiales de diferentes tiempos.&#xd;
&#xd;
El trabajo que llevamos produciendo, en una red promiscua de colaboraciones, explora la aglutinación como espacio para la producción de comunidades y el desarrollo de los deseos de las mismas. Describiremos la confianza en la arquitectura como un montaje heterogéneo de realidades, que necesita ser pensada desde sus soportes hasta los ensamblajes espaciales, programáticos, materiales y temporales.</subfield>
   </datafield>
   <datafield ind1="8" ind2=" " tag="024">
      <subfield code="a">http://hdl.handle.net/10630/13435</subfield>
   </datafield>
   <datafield tag="653" ind2=" " ind1=" ">
      <subfield code="a">Arquitectura</subfield>
   </datafield>
   <datafield ind2="0" ind1="0" tag="245">
      <subfield code="a">Ambigüedad y Promiscuidad</subfield>
   </datafield>
</record>
</metadata></record></GetRecord></OAI-PMH>